Touts les Pays d'Europe en 1 minute 30 secondes - Statistiques

Statistiques générales
  • Ce quiz a été pris 1 950 fois
  • Le résultat moyen est 31 sur 45
Réponses sur la Carte
Les réponses sont colorées sur une échelle allant du rouge au vert en fonction du pourcentage des utilisateurs qui les ont devinées à leur premier essai. Vous pouvez retrouver ces pourcentages ci-dessous.
 
Statistiques - réponses
Pays % Correct
France
96%
Espagne
92%
Allemagne
90%
Italie
89%
Portugal
89%
Belgique
86%
Irlande
86%
Suède
86%
Norvège
85%
Royaume Uni
85%
Suisse
83%
Finlande
81%
Islande
81%
Russie
81%
Pays Bas
78%
Pologne
77%
Ukraine
74%
Danemark
73%
Estonie
73%
Lettonie
72%
Lituanie
72%
Grèce
71%
Luxembourg
71%
Andorre
70%
Autriche
69%
Biélorussie
67%
Monaco
67%
Roumanie
66%
Vatican
63%
Croatie
61%
Albanie
59%
Hongrie
59%
Slovaquie
59%
République Tchèque
58%
Slovenie
56%
Saint Marin
55%
Serbie
54%
Bulgarie
53%
Kosovo
52%
Malte
52%
Moldavie
51%
Liechtenstein
49%
Bosnie Herzegovine
48%
Macédoine du Nord
47%
Monténégro
47%
Aucun quiz correspondant
Distribution des résultats
% des personnes avec chaque résultat
Percentile par nombre de réponses
Votre historique - résultats
Vous n’avez pas pris ce quiz